000
00304nam a2200121Ia 4500
008
190216s9999||||xx |||||||||||||| ||und||
100
_a
Venkataraman. Mk
245
0
_a
Engineering Mathematics;
260
_b
The National Publishing Company
_c
1983
300
_a
685p
650
_a
Mathematics
942
_c
BK
999
_c
30937
_d
30937